=LDR 00000nam 2200000 4500 =001 INLIS000000000041267 =005 20200526072032 =035 ##$$a 0010-061300000041267 =008 200526################g##########0#ind## =041 ##$$a ind =082 ##$$a 2 x 4.15 =090 ##$$a 2 x 4.15, Shi P.3 =100 ##$$a Ash- Shiddieqy, M. Hasbi =245 1#$$a Pedoman Haji /$c M. Hasbi Ash-Shiddieqy =260 ##$$a Jakarta :$b Bulan Bintang,$c 1994. =300 ##$$a 212 hlm, ; $c 23 X 16 cm. =850 ##$$a NBPNMAT =020 ##$$a 979-418-197-8 =084 ##$$a 2 x 4.15 ASH p =650 #4$$a Haji =990 ##$$a DW00026358 =990 ##$$a 00086318